Plus grands lacs d'Europe - Statistiques

Statistiques générales
  • Ce quiz a été pris 149 fois
  • Le résultat moyen est 4 sur 15
Statistiques - réponses
Pays Lac % Correct
SuisseFrance Léman
93%
AllemagneSuisse Autriche Constance
57%
Italie Garde
39%
Russie Ladoga
37%
Hongrie Balaton
35%
Russie Onega
27%
Suède Vänern
20%
EstonieRussie Peïpous
15%
Suède Vättern
13%
Finlande Saimaa
11%
AutricheHongrie Neusiedl
4%
Russie Beloïe
3%
Finlande Inari
3%
Suède Mälar
2%
Russie Vygozero
0%
Aucun quiz correspondant
Distribution des résultats
% des personnes avec chaque résultat
Percentile par nombre de réponses
Votre historique - résultats
Vous n’avez pas pris ce quiz